[Event "Moscow Aeroflot op-A"]
[Site "Moscow RUS"]
[Date "2005.02.18"]
[Round "4"]
[White "Volkov, Sergey"]
[Black "Vaganian, Rafael A"]
[Result "1-0"]
[WhiteElo "2612"]
[BlackElo "2670"]
[EventDate "2005.02.15"]
[Annotator "Psakhis"]
[EventType "swiss"]
[EventRounds "9"]
[EventCountry "RUS"]
[Source "ChessBase"]
[SourceDate "2005.06.06"]

1. e4 e6 2. d4 d5 3. e5 b6 4. Nf3 Qd7 5. c4!? ( 5. Be2 Ba6 6. Bxa6 Nxa6 7.
 O-O Ne7 8. Qe2 Nb8 9. Rd1 Nbc6 10. Nbd2 Nf5 11. Nf1 {1/2-1/2 
Kuzmin,G-Vaganian,R/ Yerevan zt 1982} ) ( 5. c3 c5 6. Bd3 Ba6 7. Bxa6 Nxa6
8. O-O Ne7 9. Qe2 Nc7 10. b3 Nc6 11. Be3 Be7 12. Nbd2 O-O 13. Rfd1 cxd4 
14. cxd4 Rfc8 R {0-1 Dlauchy, P-Portisch,F/Harkany Tenkes Kupa 2000/ (43)}
) 5. ... Ne7 ( 5. ... Bb7 6. Nc3 Bb4 7. cxd5 Bxd5 8. Be2 Ne7 9. O-O Bb7 
10. a3 Bxc3 11. bxc3 Nbc6 12. Bb5 a6 13. Bd3 h6 14. Bd2 g5 15. Qe2 Ng6 16.
 Rfd1 Rg8 17. Rab1 Nce7 18. Be4 Bxe4 19. Qxe4 Qc6 20. Qxc6+ Nxc6 21. Be3 
O-O-O {1/2-1/2 Zeller,F-Vaganian,R/BL 1995/ChessBase (45)} ) ( 5. ... Bb4+
!? {N} 6. Nc3 Ne7 7. a3 Bxc3+ 8. bxc3 Ba6!? 9. cxd5 Qxd5 10. Bxa6 Nxa6 11.
 O-O ( 11. Qa4+ Qc6 12. Qxa6 Qxc3+ 13. Ke2 Qxa1 14. Qa4+ c6 15. Qb3 Nd5 
-/+ ) 11. ... Nb8 12. Qd3 Nbc6 13. c4 Qd7 14. Rd1 Rd8 15. Qe4 { >>g5, d5}
15. ... Na5 16. Qg4 ( 16. d5 Qa4 17. Bg5 Rxd5! -/+ ) 16. ... Nb3!? ( 
16. ... O-O 17. Bh6 Ng6 18. Bg5 Rc8 19. d5 += ) 17. Rb1 ( 17. Qxg7 Rg8 18.
 Qxh7 Nxa1 19. Ng5 Qc6 -/+ ) 17. ... Nxc1 18. Rbxc1 O-O 19. Ng5 f5!? 20. 
exf6 Rxf6 21. Qe4 ( 21. h4 ) 21. ... Ng6 22. d5 ( 22. h4 += {~~ 
Kupreichik,V} ) 22. ... Nf8 23. h4 Qa4! =, quiet {Kupreichik, 
V-Vaganian,R/Berlin 1991 /ChessBase} ) 6. Nc3 Bb7 7. Be3 ( 7. Bd3 Nbc6 8. 
Be3 Nb4 9. Be2 dxc4 10. Bxc4 Ned5 11. O-O Be7 12. Bb5 c6 13. Ba4 Ba6 14. 
Ne2 O-O 15. a3 Nxe3 16. fxe3 Nd5 17. Qd2 b5 18. Bc2 c5 19. Rad1 Rad8 20. 
Kh1 Bb7 21. dxc5 Bxc5 {Karklins,E-Kyaw,W/Chicago op 1996/EXT 2001/0-1 (42)
} ) ( 7. Be2 Nbc6 8. O-O dxc4 ( 8. ... Na5 9. c5!? Nec6 10. Be3 ) 9. Bxc4 
Na5? ( 9. ... O-O-O! 10. Be3 Nf5 11. d5 Nxe3 12. fxe3 Na5 13. Bb5 Qe7! 14.
 d6 cxd6 15. b4 ~ ) 10. Bb5 Bc6 11. Bd3 Nd5 12. Bd2 Be7 13. Ne4 ( 13. Rc1 
âŒ“ {#C5 #CDd5, #CCa5#A2} ) 13. ... Bb4 ( 13. ... Nb4 14. Bxb4 Bxb4 15. a3
Ba4 16. Bc2! +/- ) 14. Rc1 Bb5 15. Bxb4 Bxd3 16. Qxd3 Nxb4 17. Qd2 Nd5 ( 
17. ... Nxa2 18. Rc2 Nb3 19. Qe3 +/- ) 18. Qg5 Kf8 ( 18. ... O-O? 19. Nf6+
Nxf6 20. exf6 g6 21. Qh6 +- ) 19. Nc3! +/- {1-0 Sax,G-Short,N/ London 
1980/ChessBase/ (33)} ) 7. ... h6 N ( 7. ... Nbc6 8. Rc1 O-O-O 9. cxd5 
Nxd5 10. Nxd5 Qxd5 11. Bc4 Qa5+ 12. Kf1 Rd7 13. Qe2 g5 14. h3 Rg8 15. a3 
h5 16. Bd2 g4 17. Bxa5 gxf3 18. gxf3 Nxd4 19. Qe3 Nxf3 20. Be2 Nd4 21. Rh2
bxa5 22. f4 {Opl,K-Jurek,J/AUT-chT 1991/0-1 (38)} ) 8. Rc1 Nbc6 9. a3 dxc4
( 9. ... O-O-O 10. c5! bxc5 â–³ 11. Na4 ) 10. Bxc4 Nf5 11. Qe2 Nxe3?! ( 
11. ... Be7 12. d5 exd5 13. Nxd5 ) ( 11. ... Nce7!? ) 12. fxe3 Na5 13. Bb5
! {We can consider that the opening result is very favourable for White.} 
13. ... c6 {Black's light-squared bishop is very passive, which determines
White's clear and stable advantage.} ( 13. ... Bc6 14. b4!? Bxb5 15. Qxb5 
Nc6 16. O-O +/- ) 14. Ba4 b5 15. Bc2 ( 15. Nxb5 cxb5 16. Bxb5 Bc6 ~ ) 
15. ... Nc4 16. Bd3 Be7 17. O-O ( 17. Bxc4 bxc4 18. Qxc4 +/- ) 17. ... O-O
18. Ne4 a5 {A very slow approach, and White gets a very strong initiative 
on the kingside, but it is a good question whether Black already could 
find a better plan.} ( 18. ... c5 19. Nxc5 Bxc5 20. dxc5 Bxf3 21. gxf3 Qc7
22. Bxc4 bxc4 23. Rxc4 Qxe5 24. b4 +- ) 19. Rf2 Ba6 D {How many potential 
targets can you identify for White? What should he do?

------------

There are four potential targets: h7, g7 and even b5 and c6.
The last two don't look remotely vulnerable. But after a3-a4 White can
exploit the knight's presence on c4 by means of doubling rooks on the 
c-file
followed by b2-b3 .
But White should have something more convincing. The target at h7 is
vulnerable to i.b 1 followed by either Qc2 or Qd3, with the threat of Nf6+
and Qb7 mate.
White chose to go after the fourth target, g7. He began withThere are four
potential targets: h7, g7 and even b5 and c6.
The last two don't look remotely vulnerable. But after a3-a4 White can
exploit the knight's presence on c4 by means of doubling rooks on the 
c-file
followed by b2-b3 .
But White should have something more convincing. The target at h7 is
vulnerable to i.b 1 followed by either 'ii'c2 or 'ifd3, with the threat of
í¯€í²¦f6+ and
'ifb7 mate.
White chose to go after the fourth target, g7. He began with} 20. h3!? {
White finds the most unpleasant moves. The position of the king is still 
the main problem for Black.} ( 20. Ne1! {Houdini} 20. ... Qd8 21. Nf6+ 
Bxf6 22. exf6 g6 23. Qg4 +- ) 20. ... a4 21. Nh2! {intending Ng4-f6+! . 
Black cannot capture on f6 without allowing White's
queen to inflict fatal damage. Black avoided that with} 21. ... f5 ( 
21. ... c5!? âŒ“ 22. Nf6+ Bxf6 23. exf6 g6 24. Qg4! ( 24. Ng4 h5 25. Nh6+ 
Kh8 ) 24. ... Nxe3 25. Qf4 Nd5 26. Qxh6 Nxf6 27. Rxf6 Qxd4+ 28. Rf2 +- 
Qxd3 â–³ 29. Ng4 f6 30. Rd2! ) 22. exf6 Bxf6 23. Nxf6+ Rxf6 24. Rxf6 gxf6 
25. Ng4 {Volkov got a clear initiative on the kingside and Black finds 
himself in deep trouble.

White either wins a pawn (6 . . .Qg7 7 .Qf3 followed by Qxc6 or Nxf6+) or
gets a winning attack (6 . . .Kg7 7 Nxf6! Kxf6 8 Rf1+ Ke7 9 Qh5).} 25. ...
 Kg7 ( 25. ... Qg7 26. Qf3 ) 26. Nxf6! +- Kxf6 27. Rf1+ Ke7 ( 27. ... Kg7 
28. Qg4+ Kh8 29. Rf6 Qg7 30. Qxe6 +- ) 28. Qh5 ( 28. Qg4!? ) ( 28. Qf3! +-
Qd5 29. Qf6+ Kd6 30. Rf5! ) 28. ... Qd5 ( 28. ... Qe8 29. Bg6 Qg8 30. Qc5+
) 29. Rf7+ Kd6 30. Qxh6 Re8 ( 30. ... Ne5 31. Qf4 ) 31. Qf4+ {This is the 
beginning of the end!} 31. ... e5 32. Qh6+ Qe6 ( 32. ... Re6 33. Qf8+ ) 
33. Rf6 exd4 34. exd4 Bc8 35. Bf5 Nxb2 36. Bxe6 Bxe6 37. Rf8 1-0

[Event "Yopal"]
[Site "Yopal"]
[Date "1997.06.22"]
[Round "3"]
[White "Leko, Peter"]
[Black "Rodriguez Cepedes, Amador"]
[Result "1-0"]
[WhiteElo "2600"]
[BlackElo "2555"]
[EventDate "1997.06.20"]
[Annotator "Rodriguez,Am"]
[EventType "tourn"]
[EventRounds "9"]
[EventCountry "COL"]
[EventCategory "12"]
[Source "ChessBase"]
[SourceDate "1997.10.13"]

1. e4 c5 2. Nf3 Nc6 3. d4 cxd4 4. Nxd4 Nf6 5. Nc3 d6 6. Bg5 a6 7. Qd2 e6 
8. O-O-O Bd7 9. f4 Qc7 10. Be2 ( 10. Bxf6 {Gofshtein,L} 10. ... gxf6 11. 
Kb1 O-O-O 12. Nb3 h5 13. Be2 Na5 14. Rhf1 Kb8 15. Rf3 Be7 16. Rh3 h4 17. 
Qe1 Nxb3 18. axb3 f5 19. exf5 d5 20. Bd3 Bf6 21. fxe6 fxe6 =/& {
Ivanov-Waitzkin,1993 USA} ) ( 10. Nf3 {Gofshtein,L} 10. ... h6 11. Bh4 
O-O-O 12. Qe1 Re8 13. Kb1 Kb8 14. e5 dxe5 15. fxe5 Nd5 16. Ne4 +/- {
Tischbierek R.-Borik.O,1991} ) 10. ... Be7 11. Nb3 ( 11. Bxf6 {Gofshtein,L
} 11. ... gxf6 12. Bh5 Rc8 13. f5 Nxd4 14. Qxd4 O-O 15. Qd2 b5 16. Kb1 b4 
17. Ne2 exf5 18. exf5 Bxf5 19. Nd4 +/- {Koglin-Espig, Germany 1996} ) 
11. ... b5 {I kept good memories about this move but as this game shows it
is more reliable to castle queen side inmediately.} ( 11. ... O-O-O 12. 
Bxf6 ( 12. Kb1 Kb8 13. Bf3 Bc8 14. Qf2 h6 15. Bh4 Rhg8 16. Qe3 g5 17. Bf2 
gxf4 18. Qxf4 Ne5 â‡„â‡„ {Wegener,D-Tischbierek,R/Wien open 1991} ) 
12. ... gxf6 13. Bh5 Be8 ( 13. ... Rhf8 14. Kb1 Kb8 15. Rhe1 Bc8 16. Qf2 
b5 17. Ne2 Bb7 18. f5 Nb4 19. Nc3 Nc6 20. fxe6 fxe6 21. Bg4 b4 22. Ne2 f5
!? 23. exf5 e5 24. c4 a5 ~ {Kudrin,S-Mchedlishvili,M/Erevan op 1996/EXP 52
} ) 14. f5 Kb8 15. Qh6 Ne5 16. Nd4 Bd7 17. Qe3 Qb6 18. Nce2? Qxb2+! 19. 
Kxb2 Nc4+ 20. Kb3 Nxe3 21. Rd3 Nxg2 22. Rg1 Nh4 23. Rh3 Ng6 24. fxg6 hxg6 
25. Bg4 f5 -/+ {Hellers-Schneider,L/ Uppsala ch-SE 1985} ) 12. Bxf6 ( 12. 
Bf3 $143 Rc8 13. Kb1 b4 14. Ne2 a5 15. Bxf6 gxf6 16. Nbc1 Qb6 17. Nd3 a4 
18. b3 O-O 19. Nb2 Na5 20. Qd4 Qb8 21. Nd3 Nc6 22. Qe3 Rc7 23. Rd2 Rfc8 
24. f5 Na7! â†’ 25. Bh5 Nb5 26. Rc1 Bf8 27. Qg3+ Bg7 28. Ndf4 axb3 29. 
axb3 Ra7 30. Bxf7+ Kxf7 31. fxe6+ Bxe6 32. Nxe6 Kxe6 33. Nd4+ Kf7 34. Nxb5
Qxb5 {0-1 Nogueiras-Amador Rodriguez/XXVII Capablanca Memorial 1992.} ) ( 
12. a3! b4 13. axb4 Nxb4 14. e5 Nfd5 15. Bxe7 Kxe7 16. Nxd5+ Nxd5 17. Bf3 
Bc6 18. Nd4 Bb7 19. Bxd5 Bxd5 20. Nf5+ exf5 21. Qxd5 dxe5 22. Rhe1 Rhd8 
23. Rxe5+ Kf8 24. Qc5+ Qxc5 25. Rxc5 Re8 {1-0(46) Buzeti, Jernej (2088) - 
Tibenszkyne Kiss, Emese (2122) / HUN-chT2 Charousek 0607 (4), HUN 2006} ) 
12. ... gxf6 13. Bh5 b4 {Gofshtein: It is not good plan,better 13...Rf8} (
13. ... Rc8 ) ( 13. ... O-O 14. Rhe1 ) ( 13. ... Rf8 âŒ“ {Gofshtein,L} 14.
 Rhe1 O-O-O 15. Kb1 Kb8 16. Re3 Bc8 17. Qe1 Bb7 18. Rh3 Rc8 19. Bf3 Rh8 
20. Rh5 h6 21. Qe3 Bf8 â‡„â‡„ {Aslanian-Bagaturov,Erevan 1996} ) 14. Ne2 
a5 15. Nbd4! Nxd4 ( 15. ... a4? 16. Nb5 +- ) ( 15. ... Qb7 16. f5 Nxd4 17.
 Nxd4 e5 18. Ne6 +/- ) 16. Nxd4 Rc8 ( 16. ... O-O 17. Rhe1 Rfc8 18. Re3 
Bf8 19. Rg3+ ) ( 16. ... a4 {Gofshtein,L} 17. Kb1 Qc5 18. g4 Bd8 19. f5 e5
20. Ne6! +/- ) 17. Kb1 Rg8 ( 17. ... O-O âŒ“ {Gofshtein,L} 18. Rhf1 Kh8 
19. Rf3 Be8 {Gofshtein: black have possibility conterplay} ) 18. Rhe1 ( 
18. f5 e5 19. Ne6 Qc4 20. Rhe1 Bxe6 21. fxe6 ( 21. b3 Qxc2+ 22. Qxc2 Rxc2 
23. Kxc2 Rxg2+ 24. Rd2 Rxd2+ 25. Kxd2 Bd7 26. Rc1 Bd8 ~ ) ) 18. ... Kf8 
19. g4! a4 20. Re3 {Gofshtein: Profilaktik move} 20. ... a3 21. b3 e5 {
Black try creative any conterplay} ( 21. ... d5 {During the game I felt 
very much attracted by this ugly move and in the end did not play it 
because it is very ugly indeed!} 22. e5 ( 22. exd5 exd5 23. h3 Bd6 24. Rd3
Kg7 += ) 22. ... fxe5 ( 22. ... Kg7 23. exf6+ Bxf6 24. g5 ) 23. fxe5 Rg7 
+= ) 22. Nf5 Bxf5?! ( 22. ... exf4!? âŒ“ 23. Rd3 Be6!? ) 23. exf5 d5? ( 
23. ... Kg7 âŒ“ ) ( 23. ... exf4! âŒ“ {Gofshtein,L} 24. Re2 d5 ) 24. fxe5 
d4 ( 24. ... fxe5 25. f6! Bd6 ( 25. ... Bxf6 26. Rf1 ) 26. Re2 ) 25. Re2 
fxe5 26. f6 Bd6 ( 26. ... Bxf6 {Gofshtein,L} 27. Rf1 Bg5 28. Qxb4+ +- ) 
27. Qh6+ {Baburin: Here the queen enters the h6-square in order to force 
the black king into the centre, simultaneously attacking the weak h7-pawn.
} 27. ... Ke8 D {White is poised to win on the kingside . How does he nail
down victory?

---------

White can't cash in his kingside pressure until he eliminates his targets
(b2, c2) on the queenside. After Qxh7? he has to watch out for . . Qc3 .} 
28. c4!! {Unexpected and beautiful. This is interesting, although White 
did not have to give away this pawn.} ( 28. Qxh7?! Qc3!! ( 28. ... Rf8 {
Baburin,A} 29. Rxd4 +- {Baburin: would have been good enough too.} ) 29. 
Rxe5+ ( 29. Qxg8+ Kd7 30. Qxf7+ Kd8 ) ( 29. Qxf7+ Kd8 30. Qxg8+ Kd7 ) ( 
29. Bxf7+ Kd8 30. Qxg8+ Kc7 -/+ ) 29. ... Kd7 30. Qxf7+ Kc6 31. Qd5+ Kc7 
32. Qa5+ Kd7 33. Qa7+ Kc6 =, quiet ) ( 28. Rxd4!? Qc3 29. Rxe5+ Kd8 ( 
29. ... Bxe5 30. Bxf7+ Kxf7 31. Qxh7+ Kxf6 32. Qf5+ Kg7 33. Rd7+ ) ( 
29. ... Kd7 30. Re7+ Kc6 31. Rc4+ ) 30. Rxd6+ Kc7 31. Re7+ Kxd6 32. Qf4+ 
Kc6 ( 32. ... Kc5 33. Qe5+ ) 33. Qe4+ ( 33. Qc1 ) 33. ... Kd6 ~ ) ( 28. 
Rd3! Qc6 29. Kc1 Kd8 30. Qxh7 +/- ) 28. ... bxc3 ( 28. ... dxc3 {
Gofshtein,L} 29. Qxh7 +- ) 29. Kc2! {Gofshtein: Wonderful blocade Baburin:
This is the point - now Black's pawn chain works as a shelter for the 
white king, making Black's bishop very bad at the same time. The opposite 
coloured bishops make everything even worse for Black here.

however, the targets are no longer a factor.
White won after} 29. ... Kd8 30. Qxh7 +- {Keeping a firm control over the 
white squares.} 30. ... Rf8 31. g5 Rb8 {Gofshtein: Black dont have any 
conterplay} 32. Bg4 Qc6 33. h4 Rb4 34. h5 d3+ ( 34. ... Kc7 35. Qf5 Kb8 
36. Bf3 ) 35. Qxd3 Rd4 ( 35. ... Rxg4 {Gofshtein,L} 36. Qxd6+ Qxd6 37. 
Rxd6+ Kc7 38. Rd5 Rxg5 39. Rdxe5 =, quiet ) 36. Qf5 Rd2+ 37. Rexd2 cxd2+ 
38. Kxd2 Kc7 ( 38. ... Bb4+ {Gofshtein,L} 39. Ke2+ Kc7 40. Qd7+ ) 39. Bf3 
Bb4+ 40. Ke2 e4 41. Bxe4 1-0

[Event "RUS-Cup6"]
[Site "Krasnodar RUS"]
[Date "1997.??.??"]
[Round "1"]
[White "Morozevich, Alexander"]
[Black "Petrushin, Alexander I"]
[Result "1-0"]
[WhiteElo "2595"]
[BlackElo "2415"]
[EventDate "1997.03.11"]
[Annotator "Har Zvi"]
[EventType "swiss"]
[EventRounds "9"]
[EventCountry "RUS"]
[Source "ChessBase"]
[SourceDate "1999.11.16"]
[WhiteTeamCountry "GER"]
[BlackTeamCountry "GER"]

1. e4 c5 2. Nf3 d6 3. Bc4 Nf6 4. d3 ( 4. Qe2 Nc6 5. h3 ( 5. c3 Bg4 6. Bb3 
e6 7. d3 d5 8. Nbd2 Be7 9. h3 Bh5 10. O-O Qc7 =, quiet {Leko,P-Sadler,M 
Oostende 1992 60/ (196)} ) 5. ... e6 6. Bb3 Be7 7. c3 b6 8. O-O O-O 9. Rd1
( 9. d4 Bb7 10. Nbd2 cxd4 11. cxd4 Rc8 12. a3 Rc7! 13. Re1 Qa8 =+ {
Leko,P-Adorian,A Hungary (ch) 1992 60/(196)} ) 9. ... a5 10. d4 cxd4 11. 
cxd4 a4 12. Bc4 ( 12. Bxa4? Rxa4 13. Qb5 Ra7 14. Qxc6 Bb7 -/+ ) ( 12. Bc2 
Nb4 ) 12. ... d5 ( 12. ... Nxe4?? 13. Bb5 +- ) 13. exd5 Nxd5 14. Nc3 Ncb4 
15. Ne5 Bb7 16. Ne4 ~ {Leko,P-Romero Holmes,A Leon 1994 60/196 [Leko,P]} )
4. ... Nc6 5. c3 ( 5. Bb3 g6 6. c3 Bg7 7. Nbd2 O-O 8. O-O b6 9. Re1 Ba6 
10. Nf1 Ne5 11. Bc2 Nfd7 12. Bg5 h6 13. Bh4 Nxf3+ 14. Qxf3 Ne5 15. Qd1 Nc6
16. Ne3 Qd7 17. f4 â†‘ {Adams,M-Gelfand,B Linares 1997} ) 5. ... e6 ( 
5. ... a6 6. Bb3 Bg4 7. h3 Bh5 ( 7. ... Bxf3 8. Qxf3 g6 ) 8. Qe2 e6 9. g4 
Bg6 10. Nh4 d5 11. Nxg6 hxg6 12. g5 +/- {/~~ Leko,P-Schneider,A Hungary 
1996 66/161 [Leko,P]} ) 6. Bb3 Be7 7. O-O O-O 8. Re1 b6 9. Nbd2 Bb7 ( 
9. ... Ba6 10. Nf1 Ne5 11. Bc2 Rc8 12. Bf4 ( 12. h3 ) 12. ... Nxf3+ ( 
12. ... Ng6 ) 13. Qxf3 Nd7 14. Rad1 Ne5 15. Qh5 += {Waitzkin,J-Browne,W 
USA (ch) 1995 65/191} ) 10. Nf1 Rc8 11. Ng3 Ne5 {I am not a big specialist
in this line,but it seems quite strange that black gives white to play d4 
in this way Qc7 is the typical which has been played by quite strong 
players} ( 11. ... Qc7 12. Bf4 Ne5 13. d4 Ng6 14. Bg5 h6 15. Bd2 =+ {
Waitzkin,J-Yermolinsky,A USA (ch) 1995 65/192} 15. ... cxd4 16. cxd4 d5 
17. Rc1 Qd7 18. e5 Ne4 ) 12. d4 {if you compare this position to the game 
mentioned above than after 12...cxd4 13.cxd4 Ng6 white will have one tempi
more since he has not played Bf4 yet} 12. ... Nxf3+ ( 12. ... Ng6 ) 13. 
Qxf3 cxd4 14. cxd4 += d5 15. e5 Ne4 16. Qg4 Nxg3 ( 16. ... Kh8 17. Nh5 g6 
( 17. ... Rg8 18. f3 g6 19. fxe4 gxh5 20. Qxh5 dxe4 21. Be3 ) ) 17. hxg3 
+/- Kh8 18. Qe2!! {a very impressing move,first of all white prevents Ba6 
by black,secondly white prepers a very simple plan,g4-g3-Kg2 and just mate
along the "h" file,and the third idea is simply to play Bc2-Bd3 when the 
bishop is very strong along the b1-h7 diagonal and the f1-a6 diagonal} 
18. ... f5 19. exf6 Bxf6 20. Qd3 Qd7 21. Bf4 Bc6 22. Bc2 g6 23. Rad1 {now 
it is just like a dream to play with the white pieces,white has key 
squares in the centre,clear tergets to attack better pieces...} 23. ... 
Bb5 24. Qd2 Ba6 25. Bb1 Rc6 26. Be5 {a correct idea after exchanging the 
black coloured bishops white will have full control over the black squares
} 26. ... Bxe5 27. Rxe5 Kg7 28. Rde1 Qf7 29. f4 Qf6 30. Qe3 Bc8 D {White 
's positional advantage is clear in view of his better bishop and more
concentrated rooks. How can he make progress?

------

His bishop looks good but needs to do more. The obvious target is e6. He
played} 31. Bd3! {the bishop is directed to g4 where is get put pressure 
on the e6 pawn

and headed it to g4.
Black has four pieces to defend the e-pawn, five if you include the king. 
But
the defense is hard because of tactics} 31. ... Rc7 ( 31. ... Re8? 32. Bb5
) 32. Be2 Rc6 33. b4! {a good example of the principle of two 
weaknesses,it is very difficult to win if one has only one weaknesses 
since he can defend it with all his pieces,but if he has 2 weaknesses 
that's already a different story and as far as the weaknesses are the 
better for the attacinkg side,in his lat move white give black another 
weakness the a7 pawn} 33. ... Qd8?! ( 33. ... Rf7 34. Rc1 Rxc1+ 35. Qxc1 
Qd8 36. Bg4 Re7 ) 34. b5 Rd6 {losing immediately,the only chance was after
Rc2 but anyway white's position is close to winning} ( 34. ... Rc2? 35. 
Bg4 Rf6 36. Bxe6 Bxe6 37. Rxe6 Rxe6 38. Qxe6 Rxa2 39. Re5 Ra3 40. Rxd5 +- 
) 35. Bg4 Rf6 {and
White crashed through with} 36. Qa3! +- Rf7 ( 36. ... Qc7?? 37. Rc1 Qd7 
38. Rxc8 Qxc8 39. Qxd6 ) ( 36. ... Qe7 37. Rxd5! ) ( 36. ... Qd7 â–¡ {the 
only which does lose material} 37. R5e3! {and white seemply doubles his 
rooks along the "c" file and win...} ) ( 36. ... h5 37. Bd1 Qe7 +/- ) 37. 
Bxe6 Bxe6 38. Rxe6 Rxe6 39. Rxe6 Qd7 40. Qe3 {in addition to his extra 
pawn,white has a strong initiative thanks to black open king,this means 
the game is close to it's end} 40. ... Qxb5! 41. Qe5+ Kh6 42. g4 ( 42. g4 
a5 43. Rf6 Rxf6 44. g5+ ( 44. Qxf6 Qd7 45. Qf8+ Qg7 46. g5+ ) 44. ... Kg7 
45. gxf6+ Kg8 46. Qe6+ Kh8 47. Qc8+ ) 1-0

[Event "RUS-The World"]
[Site "Moscow RUS"]
[Date "2002.09.08"]
[Round "1"]
[White "Short, Nigel D"]
[Black "Svidler, Peter"]
[Result "1/2-1/2"]
[WhiteElo "2682"]
[BlackElo "2690"]
[EventDate "2002.09.08"]
[PlyCount "147"]
[EventType "match (rapid)"]
[EventRounds "10"]
[EventCountry "RUS"]
[Source "ChessBase"]
[SourceDate "2002.11.12"]
[WhiteTeam "The World"]
[BlackTeam "Russia"]
[BlackTeamCountry "RUS"]

1. e4 c5 2. b3 b6 3. Bb2 Bb7 4. Nc3 e6 5. f4 a6 6. Nf3 d5 7. d3 Nf6 8. e5 
Nfd7 9. g3 Nc6 10. Bg2 b5 11. O-O Nb6 12. d4 c4 13. Ne2 g6 14. g4 h5 15. 
h3 Qc7 16. c3 a5 17. f5 hxg4 18. hxg4 gxf5 19. gxf5 exf5 20. Qc2 Bc8 21. 
Kf2 b4 22. Rh1 Rxh1 23. Rxh1 bxc3 24. Bxc3 Nb4 25. Bxb4 axb4 26. Rh7 Be6 
27. Bh3 Qa7 28. Nc1 Rc8 29. Qd2 cxb3 30. Nxb3 Nc4 31. Qd3 Qxa2+ 32. Kg3 D 
{That great knight on c4 and passed b-pawn give Black an edge. How does
he win?
His knight isn't doing enough and blocks the rook. Instead of} 32. ... Qb2
?! ( 32. ... Nd6! {threatens 2 . . .Rc3 as well as 2 . . . Ne4+, and} 33. 
Nc5 ( 33. exd6 Bxd6+ 34. Kh4 Qf2+ 35. Kh5 Rc3 -+ 36. Qb5+ Kf8 37. Qf1 
Qxf3+ -+ ) 33. ... Ne4+ 34. Kf4 Nxc5 -+ 35. dxc5 Qc4+ 36. Qxc4 dxc4 -+ ) 
33. Bxf5 Qc3 34. Kf4 Qxd3 35. Bxd3 Ra8 36. Ng5 Ra3 37. Bc2 Be7 38. Nxe6 
fxe6 39. Bd1 Ra2 40. Bg4 Rf2+ 41. Kg3 Rb2 42. Nc5 Bxc5 43. dxc5 Nxe5 44. 
Bxe6 Rc2 45. Rb7 Rc3+ 46. Kg2 Nd3 47. Bd7+ Kd8 48. Bf5 Nxc5 49. Rxb4 Ke7 
50. Kf2 Kf6 51. Bb1 Ke5 52. Ke2 Rh3 53. Bc2 Rh2+ 54. Kd1 d4 55. Rb5 Kd5 
56. Bb3+ Kc6 57. Rb4 d3 58. Bc4 Rf2 59. Rb8 Rf4 60. Bb5+ Kc7 61. Rh8 Rb4 
62. Bxd3 Nxd3 63. Kd2 Nc5 64. Rh6 Kd7 65. Ke3 Ne6 66. Kd3 Kd6 67. Kc3 Rg4 
68. Rh5 Nf4 69. Ra5 Nd5+ 70. Kd3 Ke5 71. Ra8 Rg3+ 72. Ke2 Rb3 73. Re8+ Kd4
74. Kf2 1/2-1/2

[Event "SLO Ch"]
[Site "Dobrna"]
[Date "2002.08.10"]
[Round "6"]
[White "Mikhalchishin, Adrian"]
[Black "Jelen, Igor"]
[Result "1-0"]
[WhiteElo "2533"]
[BlackElo "2365"]
[EventDate "2002.08.03"]
[PlyCount "89"]
[EventType "k.o."]
[EventRounds "7"]
[EventCountry "SLO"]
[Source "ChessBase"]
[SourceDate "2002.09.10"]
[WhiteTeamCountry "POL"]
[BlackTeamCountry "POL"]

1. d4 Nf6 2. c4 g6 3. Nc3 d5 4. Bg5 Ne4 5. Nxe4 dxe4 6. Qd2 Bg7 7. e3 c5 
8. Ne2 Nc6 9. d5 Ne5 10. Nc3 f5 11. Be2 Nf7 12. Bh4 O-O 13. f3 exf3 14. 
gxf3 g5 15. Bg3 e5 16. h4 g4 17. h5 gxf3 18. Bxf3 Nd6 19. Be2 Bd7 20. 
O-O-O Kh8 D {Is this the time for White to calculate or maneuver? And if 
so, calculate what
and maneuver how?

--------------

White has a target at e5. Instead of calculating, he should visualize the
best piece placement to attack the e-pawn. That indicates his queen on h2 
and a
shift of his knight to f3 . The game went

} 21. Bd3 ( 21. Rdg1 ) ( 21. e4 f4 22. Bf2 ) 21. ... a6 22. Rdg1 Qe7 23. 
Qh2 Bf6 24. Nb1?! ( 24. e4 f4 25. Bf2 ) 24. ... Rg8 ( 24. ... b5! 25. Nd2 
bxc4 26. Bxc4 Bb5 =+ ) 25. Nd2?! ( 25. Be1 ) 25. ... Nf7? {Now is the time
for White to calculate. He can 't increase the pressure on e5
after 6 Nf3 . But he saw another idea, Nf3-h4-g6+ ! .
That prompted him to work out a winning line, which began} 26. Nf3?! ( 26.
 Kb1! Nh6 27. Bc2 b5 28. e4 f4 29. Be1 Rxg1 30. Rxg1 ) 26. ... e4 27. Nh4 
{Black avoided that with} 27. ... Nh6? ( 27. ... exd3! 28. Ng6+ hxg6 29. 
hxg6+ Kg7 30. Qh7+ Kf8 31. gxf7 = ) 28. Be2 ( 28. Bd6! +- Rxg1+ 29. Rxg1 
Qf7 30. Be2 Rg8 31. Rxg8+ Qxg8 32. Be5 Bxe5 33. Qxe5+ Qg7 34. Qd6 +- ) 
28. ... Rg7 29. Bd6 Rxg1+ 30. Rxg1 Qf7 31. Bxc5 Rc8 32. Qd6 Rxc5 33. Ng6+ 
hxg6 34. Rxg6 Rxc4+ 35. Bxc4 Ng8 36. Qc7 b5 37. Bb3 Be6 38. Qb8 Bxd5 39. 
Rxf6 Qxf6 40. Bxd5 Qg5 41. Kd2 Kh7 42. Qxg8+ Qxg8 43. Bxg8+ Kxg8 44. Kc3 
Kg7 45. Kd4 1-0